000 00462nam a2200181Ia 4500
001 3825
005 20260306145712.0
008 260306t2009||||xx |||||||||||||| ||spa||
041 _aESP
082 _a303.485
_bI59 2009
100 _aInstituto Nacional de Defensa Civil
_eAUT
245 0 _aLecciones aprendidas del Sur:
_bsismo de Pisco
260 _c2009
300 _a232 páginas :
_c30 cm.
650 _aGEN
654 _aCHU
942 _cLIB
_dJUS
_fJUS
_2ddc
_n
999 _c3825
_d3825